000 00706nam a2200253Ia 4500
003 OSt
005 20220927105709.0
006 a|||||r|||| 00| 0
007 ta
008 220926b |||||||| |||| 00| 0 eng d
024 _a201093
037 _cReference Collections
040 _aRTL
_cRTL
_beng
041 _2eng
_aeng
082 _a"P111k, L0/RR"
100 _apugh eric
_9374255
245 0 _aDictionary of Acronyms and Abbreviations
250 _a"2nd, rev.ed"
260 _aamerica
_bArchon Books and Clive Bingley
_c1970
300 _a388
_ccm.
500 _aBibliography: P 156-161
942 _h"P111k, L0/RR"
_cCC
999 _c693962
_d693962